| 000 | 00829cab a2200229 4500 | ||
|---|---|---|---|
| 001 | WB2920-25 | ||
| 008 | 090401t1993 xxu||||| |||| 00| 0 eng d | ||
| 035 | _a(Sirsi) u38144 | ||
| 041 | _aeng | ||
| 245 | _aIntentional homelessness | ||
| 260 | _c1993 | ||
| 350 | _a0 | ||
| 490 |
_aEstates Gazette Case Summaries _v(1993) EGCS 89 (22/5/93) |
||
| 520 | _a"R v Barnet LBC, ex parte Rughooputh" CA 5 May 1993. In allowing an appeal on the council`s part, ruled that B was correct in refusing to offer permenant accommodation to an intentially homeless person, R having been dispossessed of her home after securing loans fraudulently. | ||
| 650 | _aFRAUDULENT ACT | ||
| 650 | _aGOOD FAITH | ||
| 650 | _aHOMELESSNESS | ||
| 650 | _aHOUSING ACT 1985 S60 | ||
| 690 | _aHOUSING-CASE LAW | ||
| 942 | _n0 | ||
| 948 | _c04/03/1997 | ||
| 999 |
_c24510 _d24510 |
||